Statistiques concernant Harry Potter quizz

Cliquez ici pour prendre le quiz!

Statistiques générales

  • Ce quiz a été pris 122 fois
  • Le résultat moyen est 24 sur 28

Statistiques - réponses

Golden Trio% Correct
Harry Potter
100%
Harry Potter
100%
Hermione Granger
99%
Ronald Weasley
99%
Serdaigle
96%
Serpentard
96%
Poufsouffle
95%
Gryffondor
94%
Harry Potter à l'École des Sorciers
93%
Harry Potter et la Chambre des Secrets
91%
Harry Potter et la Coupe de Feu
91%
Harry Potter et les Reliques de la Mort
90%
Harry Potter et le Prisonnier d'Azkaban
88%
Bague des Gaunt
87%
Harry Potter et le Prince de Sang-mêlé
86%
Harry Potter et l'Ordre du Phénix
84%
Salazar Serpentard
84%
Cape d'invisibilité
81%
Nagini
81%
Journal de Jédusor
80%
Godric Gryffondor
79%
Helga Poufsouffle
78%
Rowena Serdaigle
78%
Baguette de Sureau
77%
Diadème de Rowena Serdaigle
77%
Coupe de Helga Poufsouffle
76%
Pierre de Résurrection
73%
Médaillon de Salazar Serpentard
70%

Distribution des résultats

Percentile par nombre de réponses

% des personnes avec chaque résultat

Votre développement - résultats

Vous n’avez pas pris ce quiz